| 000 | nam a22 7a 4500 | ||
|---|---|---|---|
| 999 |
_c63763 _d63763 |
||
| 008 | 181113s2017 ua a|||f |||| 001 0 eng d | ||
| 040 |
_aEAL _cEAL |
||
| 041 |
_aeng _bara |
||
| 090 | _aCD-4339 | ||
| 100 | 1 |
_aEl-Seba'y, Nadine Adel Mohamed Saied . _923053 |
|
| 245 | 1 | 0 |
_aBiological and molecular characteristics of Salmonella Typhimurium isolates in poultry _h[computer file] / _cNadine Adel Mohamed Saied El-Seba'y. |
| 246 | 1 | 5 | _aتوصيف بيولوجى وجزيئى لعترات السالمونيلا تيفيميوريوم فى الدواجن |
| 260 | _c2017. | ||
| 347 |
_a text file _b PDF |
||
| 502 | _aThesis (Ph.D.) -- Ain Shams University, 2017. | ||
| 504 | _aIncludes bibliographical references (Leaves 169-208) | ||
| 538 | _aSystems requirements : Adobe Reader | ||
| 546 | _aSummary in Arabic | ||
| 650 | 0 |
_aSalmonella typhimurium _923054 |
|
| 650 | 0 |
_aPoultry _xMicrobiology. _923055 |
|
| 856 | 4 | 0 |
_uhttp://nile.enal.sci.eg/thesis/4339.pdf _zContent & Abstract |
| 910 | _aname: | ||
| 942 |
_cETH _2alc |
||